Sports Quiz

Random Sports or NBA Quiz

Big 4 Sports Full Letter Sets Quiz Stats

 Plays Quiz Updated Mar 3, 2018

Challenge
Share
Tweet
Embed
Score 0/20 Timer 04:00
2 Plays Today
Answer % Correct
Bills…
95.8%
Red Sox…
93.7%
Colts…
93.6%
Bruins…
92.3%
Cubs…
92%
Celtics…
91.4%
Packers…
90.9%
Phillies…
90.8%
Ravens…
90.4%
Blue Jays…
88.5%
Answer % Correct
Penguins…
87.6%
Bulls…
87.4%
Pistons…
87.3%
Giants
86.1%
Giants
86.1%
Red Wings…
83.4%
Raptors…
83.3%
Canadiens…
83.1%
Grizzlies
72.6%
Golden Knights
49.9%

You're not logged in!

Compare scores with friends on all Sporcle quizzes.
OR
Log In

You Might Also Like...

Show Comments

Extras

Top Quizzes Today


Score Distribution

Your Account Isn't Verified!

In order to create a playlist on Sporcle, you need to verify the email address you used during registration. Go to your Sporcle Settings to finish the process.

Report this User

Report this user for behavior that violates our Community Guidelines.

Details: